[Event "GER-ch Net blitz qual4"]
[Site "Playchess.com INT"]
[Date "2020.03.23"]
[Round "8"]
[White "Berendsen, Markus"]
[Black "Foerster, Erik"]
[Result "0-1"]
[WhiteElo "1991"]
[BlackElo "2064"]
[PlyCount "154"]
[EventDate "2020.03.23"]
[EventType "swiss (blitz)"]
[EventRounds "9"]
[EventCountry "GER"]
[SourceTitle "CBM 195 Extra"]
[Source "ChessBase"]
[SourceDate "2020.05.31"]
[SourceVersion "1"]
[SourceVersionDate "2020.05.31"]
[SourceQuality "1"]

1. c4 c5 2. Nc3 Nc6 3. Nf3 e5 4. g3 g6 5. d3 Bg7 6. Bg2 d6 7. 0-0 Nge7 8. a3 a5 9. Rb1 Be6 10. Ng5 Bc8 11. Nd5 0-0 12. Ne4 f5 13. Nxe7+ Qxe7 14. Nc3 Be6 15. Nd5 Qd8 16. Bd2 a4 17. Nc3 Nd4 18. Re1 Nb3 19. Bxb7 Ra7 20. Bg2 Nxd2 21. Qxd2 f4 22. Qd1 Qf6 23. Bd5 fxg3 24. fxg3 Qf2+ 25. Kh1 Bxd5+ 26. Nxd5 Raf7 27. Nc3 h5 28. Ne4 Qe3 29. Qd2 Qxd2 30. Nxd2 Rb7 31. Ne4 Rb6 32. Kg2 Rfb8 33. Nc3 Rxb2 34. Rxb2 Rxb2 35. Nxa4 Ra2 36. Nb6 Rxa3 37. Nd5 Ra2 38. Kf2 Kf7 39. Rb1 Ke6 40. Rb7 Bf6 41. Nc3 Ra8 42. Ne4 Rf8 43. Kg2 h4 44. g4 Be7 45. h3 Rf4 46. Nd2 Rf8 47. Ne4 Ra8 48. Nd2 Ra2 49. Kf2 Rxd2 50. Rb8 Ra2 51. Rg8 g5 52. Rg6+ Bf6 53. Rg8 d5 54. cxd5+ Kxd5 55. Kf3 Ra6 56. Rf8 Be7 57. Re8 Rf6+ 58. Kg2 Bd6 59. Rd8 c4 60. dxc4+ Kxc4 61. Rg8 Bc5 62. Rxg5 Rf2+ 63. Kh1 Rxe2 64. Rh5 Be3 65. Rxh4 Bf4 66. Rh8 Kd4 67. g5 Bxg5 68. h4 Bf4 69. h5 Ke4 70. h6 Rh2+ 71. Kg1 Rxh6 72. Rg8 Rh3 73. Kg2 Rh2+ 74. Kg1 Kf3 75. Rg6 e4 76. Rf6 Ra2 77. Rf8 Ra1# 0-1

[Event "GER-ch Net blitz qual2"]
[Site "Playchess.com INT"]
[Date "2020.03.16"]
[Round "5"]
[White "Berendsen, Markus"]
[Black "Auge, Hendrik"]
[Result "0-1"]
[WhiteElo "1991"]
[BlackElo "1627"]
[PlyCount "58"]
[EventDate "2020.03.16"]
[EventType "swiss (blitz)"]
[EventRounds "9"]
[EventCountry "GER"]
[SourceTitle "CBM 195 Extra"]
[Source "ChessBase"]
[SourceDate "2020.05.31"]
[SourceVersion "1"]
[SourceVersionDate "2020.05.31"]
[SourceQuality "1"]

1. c4 e5 2. g3 Nf6 3. Bg2 Nc6 4. Nc3 Bc5 5. e3 d6 6. Nge2 Bg4 7. h3 Bh5 8. d3 0-0 9. a3 a5 10. Rb1 Bg6 11. 0-0 Qd7 12. Kh2 Nh5 13. Nd5 f5 14. f4 Nf6 15. Nec3 Kh8 16. Nxf6 gxf6 17. Nd5 Rf7 18. b4 axb4 19. axb4 Ba7 20. b5 Ne7 21. Nxe7 Qxe7 22. Bxb7 Rg8 23. Bd5 exf4 24. exf4 Qe8 25. Re1 Re7 26. Rxe7 Qxe7 27. Bxg8 Kxg8 28. Qf3 Qe1 29. Ra1 Qg1# 0-1

[Event "GER-ch Net blitz qual2"]
[Site "Playchess.com INT"]
[Date "2020.03.16"]
[Round "3"]
[White "Berendsen, Markus"]
[Black "Svane, Rasmus"]
[Result "0-1"]
[WhiteElo "1991"]
[BlackElo "2613"]
[PlyCount "44"]
[EventDate "2020.03.16"]
[EventType "swiss (blitz)"]
[EventRounds "9"]
[EventCountry "GER"]
[SourceTitle "CBM 195 Extra"]
[Source "ChessBase"]
[SourceDate "2020.05.31"]
[SourceVersion "1"]
[SourceVersionDate "2020.05.31"]
[SourceQuality "1"]

1. c4 e6 2. Nc3 d5 3. d4 a6 4. cxd5 exd5 5. Nf3 Nf6 6. Bg5 Be6 7. Qc2 Nbd7 8. e3 Bd6 9. Bd3 c6 10. 0-0 Qc7 11. Rac1 0-0 12. a3 Bg4 13. Be2 Rac8 14. h3 Bh5 15. b4 h6 16. Bxf6 Nxf6 17. Nd2 Bxe2 18. Nxe2 Qe7 19. Nb3 Bb8 20. Qc5 Qc7 21. g3 Ne4 22. Kg2 Nxc5 0-1

[Event "GER-ch Net blitz qual2"]
[Site "Playchess.com INT"]
[Date "2020.03.16"]
[Round "4"]
[White "Kopylov, Michael"]
[Black "Berendsen, Markus"]
[Result "1-0"]
[WhiteElo "2407"]
[BlackElo "1991"]
[PlyCount "47"]
[EventDate "2020.03.16"]
[EventType "swiss (blitz)"]
[EventRounds "9"]
[EventCountry "GER"]
[SourceTitle "CBM 195 Extra"]
[Source "ChessBase"]
[SourceDate "2020.05.31"]
[SourceVersion "1"]
[SourceVersionDate "2020.05.31"]
[SourceQuality "1"]

1. d4 Nf6 2. c4 c5 3. d5 b5 4. Nf3 g6 5. Qc2 d6 6. e4 bxc4 7. Bxc4 Bg7 8. 0-0 0-0 9. h3 Ba6 10. Na3 Bxc4 11. Nxc4 Nbd7 12. Rd1 Qc7 13. Bf4 Rfb8 14. Rab1 Nb6 15. e5 Ne8 16. exd6 exd6 17. b3 Nxc4 18. bxc4 Nf6 19. Qa4 Nd7 20. Qc6 Qxc6 21. dxc6 Ne5 22. Bxe5 dxe5 23. Rxb8+ Rxb8 24. c7 1-0

[Event "GER-ch Net blitz qual2"]
[Site "Playchess.com INT"]
[Date "2020.03.16"]
[Round "2"]
[White "Kottke, Steffen"]
[Black "Berendsen, Markus"]
[Result "0-1"]
[WhiteElo "1928"]
[BlackElo "1991"]
[PlyCount "70"]
[EventDate "2020.03.16"]
[EventType "swiss (blitz)"]
[EventRounds "9"]
[EventCountry "GER"]
[SourceTitle "CBM 195 Extra"]
[Source "ChessBase"]
[SourceDate "2020.05.31"]
[SourceVersion "1"]
[SourceVersionDate "2020.05.31"]
[SourceQuality "1"]

1. e4 c5 2. d4 cxd4 3. c3 Nf6 4. e5 Nd5 5. cxd4 e6 6. Nc3 Nxc3 7. bxc3 d5 8. Nf3 Be7 9. Bd3 Nc6 10. 0-0 Bd7 11. Rb1 b6 12. Qc2 h6 13. Be3 Rc8 14. Qd2 Na5 15. Qe2 Rxc3 16. Bd2 Rc8 17. Bxa5 bxa5 18. Rb7 Ra8 19. Bb5 Bxb5 20. Qxb5+ Kf8 21. Rb1 Bb4 22. a3 Bxa3 23. Rd7 Qc8 24. Qb7 Qxb7 25. Rbxb7 Kg8 26. Rxa7 Rxa7 27. Rxa7 Bb4 28. Ra8+ Kh7 29. Ra7 Rf8 30. Kf1 g5 31. Ke2 Kg6 32. Nd2 Rc8 33. Nb3 Rc2+ 34. Kf3 Rc3+ 35. Ke2 Rxb3 0-1

[Event "Ruhrgebiet Verbandsliga Gruppe 2 1516"]
[Site "Germany"]
[Date "2015.09.06"]
[Round "1.5"]
[White "Buschmann, Andreas"]
[Black "Berendsen, Markus"]
[Result "1-0"]
[WhiteElo "2046"]
[BlackElo "1975"]
[PlyCount "81"]
[EventDate "2015.09.06"]
[EventType "team-tourn"]
[EventRounds "9"]
[EventCountry "GER"]
[SourceTitle "EXT 2022"]
[Source "ChessBase"]
[SourceDate "2021.10.06"]
[SourceVersion "1"]
[SourceVersionDate "2021.10.06"]
[SourceQuality "1"]
[WhiteTeam "Horst Emscher"]
[BlackTeam "Oberhausen SV II"]
[WhiteTeamCountry "GER"]
[BlackTeamCountry "GER"]

1. d4 c6 2. c4 d5 3. Nc3 e6 4. e3 Nf6 5. Nf3 Bd6 6. Bd3 Nbd7 7. 0-0 0-0 8. e4 dxe4 9. Nxe4 Nxe4 10. Bxe4 Nf6 11. Bc2 g6 12. Bg5 Be7 13. Qd2 b6 14. Rad1 Bb7 15. Bh6 Re8 16. Rfe1 Ng4 17. Bf4 Nf6 18. Ne5 c5 19. Ba4 Rf8 20. Bh6 cxd4 21. Bxf8 Qxf8 22. Qxd4 Rd8 23. Qf4 Nh5 24. Rxd8 Nxf4 25. Rxf8+ Bxf8 26. Bc6 Bxc6 27. Nxc6 Nd3 28. Re2 a5 29. Rd2 Nc5 30. a3 a4 31. Ne5 Ne4 32. Rd8 Kg7 33. f3 Bc5+ 34. Kf1 Nd6 35. Nd3 Nxc4 36. Nxc5 bxc5 37. Rc8 Nxb2 38. Rxc5 Nd3 39. Rc4 Ne5 40. Rxa4 Kf6 41. Rb4 1-0

[Event "Ruhrgebiet Verbandsliga Gruppe 2 1415"]
[Site "Germany"]
[Date "2014.10.19"]
[Round "2.6"]
[White "Berendsen, Markus"]
[Black "Bense, Dirk"]
[Result "1/2-1/2"]
[WhiteElo "1959"]
[BlackElo "1939"]
[PlyCount "41"]
[EventDate "2014.09.21"]
[EventType "team-tourn"]
[EventRounds "9"]
[EventCountry "GER"]
[SourceTitle "EXT 2022"]
[Source "ChessBase"]
[SourceDate "2021.10.06"]
[SourceVersion "1"]
[SourceVersionDate "2021.10.06"]
[SourceQuality "1"]
[WhiteTeam "Oberhausen SV II"]
[BlackTeam "Brackel SF II"]
[WhiteTeamCountry "GER"]
[BlackTeamCountry "GER"]

1. c4 Nf6 2. g3 d6 3. Bg2 g6 4. Nc3 Bg7 5. e4 e5 6. Nge2 0-0 7. 0-0 c6 8. h3 Be6 9. b3 Qd7 10. Kh2 d5 11. d3 dxe4 12. dxe4 Rd8 13. Be3 Qc7 14. Qc2 Nh5 15. Rad1 Nd7 16. Rd2 f5 17. exf5 gxf5 18. f4 Bh6 19. Nd1 Rf8 20. Qc3 Nhf6 21. fxe5 1/2-1/2

[Event "Calvia Amateur op 11th"]
[Site "Calvia"]
[Date "2014.10.05"]
[Round "2"]
[White "Galiana Salom, Juan Ramon"]
[Black "Berendsen, Markus"]
[Result "1-0"]
[WhiteElo "2263"]
[BlackElo "2017"]
[PlyCount "71"]
[EventDate "2014.10.04"]
[EventType "swiss"]
[EventRounds "9"]
[EventCountry "ESP"]
[SourceTitle "EXT 2015"]
[Source "ChessBase"]
[SourceDate "2014.11.20"]
[SourceVersion "1"]
[SourceVersionDate "2014.11.20"]
[SourceQuality "1"]

1. e4 c5 2. Nf3 e6 3. Nc3 a6 4. d4 cxd4 5. Nxd4 Qc7 6. Bd3 Nf6 7. f4 d6 8. Qf3 Nbd7 9. Bd2 Be7 10. Nb3 b6 11. 0-0 Bb7 12. Rae1 e5 13. Nd5 Bxd5 14. exd5 0-0 15. Kh1 Rfe8 16. Bc3 Bf8 17. fxe5 dxe5 18. Be4 Bd6 19. Qh3 Nf8 20. Nd2 Ng6 21. Rf5 Qd7 22. g4 Nf4 23. Rxf4 exf4 24. Bxf6 h6 25. Bc3 f6 26. Qh5 Be5 27. Qg6 Bxc3 28. bxc3 Re5 29. Nf3 Rae8 30. Nxe5 Rxe5 31. Rd1 Qd6 32. Bf5 Kf8 33. c4 b5 34. c5 Qxc5 35. Be6 Qc7 36. Qh7 1-0

[Event "NRW Verbandsklasse Group3 1314"]
[Site "Nordrheinwestfalen"]
[Date "2014.04.06"]
[Round "9"]
[White "Berendsen, Markus"]
[Black "Loskarn, Peter"]
[Result "1-0"]
[WhiteElo "1956"]
[BlackElo "1739"]
[PlyCount "137"]
[EventDate "2013.09.08"]
[EventType "team-tourn"]
[EventRounds "9"]
[EventCountry "GER"]
[SourceTitle "EXT 2020"]
[Source "ChessBase"]
[SourceDate "2019.10.17"]
[SourceVersion "1"]
[SourceVersionDate "2019.10.17"]
[SourceQuality "1"]
[WhiteTeam "Oberhausen SV II"]
[BlackTeam "Wacker Bergeborbeck"]
[WhiteTeamCountry "GER"]
[BlackTeamCountry "GER"]

1. c4 c5 2. Nc3 Nc6 3. g3 e6 4. Bg2 Nf6 5. Nf3 d5 6. cxd5 exd5 7. d4 Be6 8. 0-0 h6 9. dxc5 Bxc5 10. Bf4 a6 11. Ne5 0-0 12. Rc1 Bd6 13. Nxc6 bxc6 14. Bxd6 Qxd6 15. Na4 Nd7 16. Qd4 Rfb8 17. b3 Rb5 18. Rfd1 Rc8 19. Rd2 c5 20. Qf4 Qxf4 21. gxf4 Nf6 22. e3 c4 23. Bf1 Rb4 24. Rb2 Bd7 25. Nc3 Rcb8 26. Rd2 Be6 27. bxc4 dxc4 28. f3 a5 29. Kf2 Rb2 30. Rcc2 Rxc2 31. Rxc2 Nd5 32. Nxd5 Bxd5 33. e4 Be6 34. f5 Bd7 35. Bxc4 Kf8 36. Bd5 a4 37. Ke3 Ke7 38. h4 g6 39. fxg6 fxg6 40. Bc6 a3 41. Bxd7 Kxd7 42. Rc3 Ra8 43. Kf4 Ra5 44. Ke3 Kd6 45. Kd4 Ra4+ 46. Rc4 Ra5 47. Rc8 Ke6 48. Rc6+ Kf7 49. Rc5 Ra6 50. f4 Kf6 51. Kd5 Kf7 52. Rc7+ Kg8 53. Rc6 Ra5+ 54. Rc5 Ra4 55. Ke5 Ra6 56. Rd5 Kf7 57. Rd7+ Ke8 58. Rd6 Ra5+ 59. Kf6 Rh5 60. Kxg6 Rxh4 61. Kf5 Rh2 62. Ra6 Rxa2 63. Rxh6 Rb2 64. Ra6 a2 65. Ke6 Kf8 66. Ra7 Rc2 67. e5 Rb2 68. Kf6 Ke8 69. e6 1-0

[Event "Calvia Amateur op 9th"]
[Site "Calvia"]
[Date "2012.10.07"]
[Round "2"]
[White "Berendsen, Markus"]
[Black "Galiana Salom, Juan Ramon"]
[Result "0-1"]
[WhiteElo "2028"]
[BlackElo "2215"]
[PlyCount "80"]
[EventDate "2012.10.06"]
[EventType "swiss"]
[EventRounds "9"]
[EventCountry "ESP"]
[SourceTitle "EXT 2013"]
[Source "ChessBase"]
[SourceDate "2012.11.22"]
[SourceVersion "1"]
[SourceVersionDate "2012.11.22"]
[SourceQuality "1"]

1. c4 f5 2. g3 g6 3. Bg2 Bg7 4. Nc3 c6 5. e3 d6 6. Nge2 e5 7. b3 Qe7 8. Bb2 Na6 9. d3 Nh6 10. a3 Nc7 11. Qd2 Bd7 12. b4 0-0 13. 0-0 g5 14. Rae1 g4 15. d4 Ne6 16. f3 gxf3 17. Bxf3 Ng5 18. Bg2 Rad8 19. d5 a6 20. a4 Qe8 21. Ba3 Qh5 22. h4 Ng4 23. Nd1 Ne4 24. Bxe4 fxe4 25. Nec3 Qg6 26. Qg2 Nf6 27. Nf2 cxd5 28. Nxd5 Nxd5 29. cxd5 Bxa4 30. Nxe4 h6 31. Nc3 Bd7 32. e4 Rc8 33. Rxf8+ Bxf8 34. Rc1 Qg4 35. Kf2 Be7 36. Kg1 Bd8 37. Ne2 Bb6+ 38. Kh2 Rf8 39. Rf1 Rxf1 40. Qxf1 Bb5 0-1

[Event "Ruhrgebiet Verbandsliga1 1213"]
[Site "Nordrheinwestfalen"]
[Date "2012.09.02"]
[Round "1.1"]
[White "Schulenburg, Pit"]
[Black "Berendsen, Markus"]
[Result "1-0"]
[WhiteElo "2129"]
[BlackElo "1954"]
[PlyCount "51"]
[EventDate "2012.09.02"]
[EventType "team-tourn"]
[EventRounds "9"]
[EventCountry "GER"]
[SourceTitle "EXT 2020"]
[Source "ChessBase"]
[SourceDate "2019.10.17"]
[SourceVersion "1"]
[SourceVersionDate "2019.10.17"]
[SourceQuality "1"]
[WhiteTeam "Dortmund FS 98"]
[BlackTeam "Oberhausen SV III"]
[WhiteTeamCountry "GER"]
[BlackTeamCountry "GER"]

1. g3 c5 2. Bg2 Nf6 3. f4 Nc6 4. Nf3 g6 5. d3 d6 6. e4 Bg7 7. 0-0 0-0 8. h3 Nd4 9. c3 Nxf3+ 10. Qxf3 Rb8 11. a4 b6 12. c4 a6 13. Nc3 Bd7 14. e5 Ne8 15. Qe2 dxe5 16. fxe5 Nc7 17. a5 b5 18. Bf4 Ne6 19. Qd2 Nxf4 20. gxf4 Bf5 21. cxb5 Qxd3 22. Rfd1 Qxd2 23. Rxd2 Bc8 24. b6 Be6 25. Nd5 Bxd5 26. Rxd5 1-0

[Event "Ruhrgebiet VK2 1112"]
[Site "Nordrheinwestfalen"]
[Date "2012.03.25"]
[Round "8"]
[White "Berendsen, Markus"]
[Black "Breidenbach, Olaf"]
[Result "1/2-1/2"]
[WhiteElo "1955"]
[BlackElo "1967"]
[PlyCount "66"]
[EventDate "2012.09.18"]
[EventType "team-tourn"]
[EventRounds "9"]
[EventCountry "GER"]
[SourceTitle "EXT 2020"]
[Source "ChessBase"]
[SourceDate "2019.10.17"]
[SourceVersion "1"]
[SourceVersionDate "2019.10.17"]
[SourceQuality "1"]
[WhiteTeam "Oberhausen SV III"]
[BlackTeam "Marten Boevinghausen"]
[WhiteTeamCountry "GER"]
[BlackTeamCountry "GER"]

1. c4 Nf6 2. g3 e6 3. Bg2 d5 4. Nf3 Be7 5. 0-0 0-0 6. b3 c5 7. cxd5 exd5 8. d4 Nc6 9. Nc3 Be6 10. dxc5 Bxc5 11. Bg5 Be7 12. Nd4 Re8 13. Nxe6 fxe6 14. Bh3 Bb4 15. Nb5 Rc8 16. Rc1 Qb6 17. Bxf6 gxf6 18. Nc3 Bxc3 19. Rxc3 Red8 20. e3 Qb4 21. Qg4+ Qxg4 22. Bxg4 Rd6 23. Be2 Rdd8 24. Rfc1 e5 25. Bb5 d4 26. exd4 exd4 27. R3c2 d3 28. Bc4+ Kg7 29. Rd2 Ne5 30. Kg2 Rc6 31. Rcd1 Nxc4 32. bxc4 Rxc4 33. Rxd3 Rxd3 1/2-1/2

[Event "Ruhrgebiet VK2 1112"]
[Site "Nordrheinwestfalen"]
[Date "2011.12.11"]
[Round "4.2"]
[White "Berendsen, Markus"]
[Black "Cavasin, Joerg"]
[Result "1-0"]
[WhiteElo "1955"]
[BlackElo "1890"]
[PlyCount "79"]
[EventDate "2012.09.18"]
[EventType "team-tourn"]
[EventRounds "9"]
[EventCountry "GER"]
[SourceTitle "EXT 2020"]
[Source "ChessBase"]
[SourceDate "2019.10.17"]
[SourceVersion "1"]
[SourceVersionDate "2019.10.17"]
[SourceQuality "1"]
[WhiteTeam "Oberhausen SV III"]
[BlackTeam "Altenessen"]
[WhiteTeamCountry "GER"]
[BlackTeamCountry "GER"]

1. c4 c5 2. g3 g6 3. Bg2 Bg7 4. Nc3 Nc6 5. Nf3 d6 6. a3 Bd7 7. Rb1 a5 8. 0-0 Nh6 9. d3 Nf5 10. Bd2 0-0 11. Nd5 e6 12. Ne3 Nfe7 13. b3 f5 14. Nc2 Rb8 15. b4 axb4 16. axb4 cxb4 17. Nxb4 h6 18. Qc1 Kh7 19. Bc3 e5 20. Nd2 Qc7 21. Nd5 Nxd5 22. cxd5 Ne7 23. Bb4 Qxc1 24. Rfxc1 Nc8 25. Nc4 Rf6 26. Ba5 b5 27. Bd8 Rf7 28. Bc7 Ra8 29. Nxd6 Nxd6 30. Bxd6 Ra2 31. Re1 h5 32. Bb4 f4 33. Bf3 Kh6 34. Rbc1 Ra4 35. Rb1 g5 36. Be4 Ra2 37. Bc3 Rc2 38. Rbc1 Ra2 39. Bb4 Bg4 40. Rc6+ 1-0

[Event "Ruhrgebiet VK1 0910"]
[Site "Ruhrgebiet"]
[Date "2010.03.21"]
[Round "8.2"]
[White "Kock, Wolfgang"]
[Black "Berendsen, Markus"]
[Result "1/2-1/2"]
[WhiteElo "2140"]
[BlackElo "2044"]
[PlyCount "68"]
[EventDate "2009.09.06"]
[EventType "team"]
[EventRounds "9"]
[EventCountry "GER"]
[SourceTitle "EXT 2011"]
[Source "ChessBase"]
[SourceDate "2010.11.26"]
[SourceVersion "1"]
[SourceVersionDate "2010.11.26"]
[SourceQuality "1"]
[WhiteTeam "Castrop Rauxel II"]
[BlackTeam "Oberhausen III"]
[WhiteTeamCountry "GER"]
[BlackTeamCountry "GER"]

1. c4 g6 2. g3 Bg7 3. Bg2 c5 4. Nc3 Nc6 5. Nf3 d6 6. d3 a6 7. 0-0 Rb8 8. Rb1 b5 9. cxb5 axb5 10. Ng5 Bd7 11. Qb3 Nh6 12. e3 0-0 13. Ne2 Qa5 14. Ra1 Qa4 15. Qd1 Ng4 16. h3 Qxd1 17. Rxd1 Nf6 18. d4 cxd4 19. Nxd4 Rfc8 20. Ngf3 Ne8 21. a3 Nc7 22. b4 Ne6 23. Bb2 Nexd4 24. Nxd4 Nxd4 25. Bxd4 Rc7 26. Bxg7 Kxg7 27. Rdc1 Rbc8 28. Rxc7 Rxc7 29. Bf1 Kf6 30. Kg2 e5 31. Be2 Ke7 32. Bd1 f6 33. Be2 Kd8 34. Rd1 Ke7 1/2-1/2

[Event "Ruhrgebiet VK1 0910"]
[Site "Ruhrgebiet"]
[Date "2009.12.06"]
[Round "4.2"]
[White "Mundorf, Johannes"]
[Black "Berendsen, Markus"]
[Result "1/2-1/2"]
[WhiteElo "1796"]
[BlackElo "2044"]
[PlyCount "85"]
[EventDate "2009.09.06"]
[EventType "team"]
[EventRounds "9"]
[EventCountry "GER"]
[SourceTitle "EXT 2011"]
[Source "ChessBase"]
[SourceDate "2010.11.26"]
[SourceVersion "1"]
[SourceVersionDate "2010.11.26"]
[SourceQuality "1"]
[WhiteTeam "Muelheim Nord III"]
[BlackTeam "Oberhausen III"]
[WhiteTeamCountry "GER"]
[BlackTeamCountry "GER"]

1. d4 Nf6 2. Nf3 c6 3. c4 d6 4. g3 g6 5. Bg2 Bg7 6. 0-0 0-0 7. Nc3 Qa5 8. e4 Bg4 9. Qd3 Bxf3 10. Bxf3 Nbd7 11. Re1 e5 12. d5 cxd5 13. cxd5 a6 14. a3 b5 15. b4 Qc7 16. Be3 Rfc8 17. Rac1 Qb7 18. Be2 Nb6 19. f3 Rc7 20. Nb1 Rac8 21. Rxc7 Rxc7 22. Rc1 Nfd7 23. Rxc7 Qxc7 24. Qc3 Qxc3 25. Nxc3 Bf6 26. Kf1 Kf8 27. Ke1 Ke8 28. a4 Nxa4 29. Nxa4 bxa4 30. Kd1 Bd8 31. Bxa6 Bb6 32. Bxb6 Nxb6 33. Bb5+ Kd8 34. Kc2 Kc7 35. Kc3 f6 36. Bd3 Kb7 37. g4 g5 38. Kb2 Kc7 39. Ka3 Kb7 40. Be2 Kc7 41. b5 Nd7 42. Kxa4 Kb6 43. Kb4 1/2-1/2

[Event "Kesarovski Georgiev Memorial 8th"]
[Site "Sunny Beach"]
[Date "2009.09.12"]
[Round "8"]
[White "Angelov, Zvetomir"]
[Black "Berendsen, Markus"]
[Result "1/2-1/2"]
[WhiteElo "2136"]
[BlackElo "2044"]
[PlyCount "144"]
[EventDate "2009.09.07"]
[EventType "swiss"]
[EventRounds "9"]
[EventCountry "BUL"]
[SourceTitle "CBM 132 Extra"]
[Source "ChessBase"]
[SourceDate "2009.11.03"]
[SourceVersion "1"]
[SourceVersionDate "2009.11.03"]
[SourceQuality "1"]

1. c4 Nf6 2. Nc3 c6 3. d4 d6 4. e4 e5 5. Nf3 Nbd7 6. Be2 Be7 7. 0-0 0-0 8. h3 Re8 9. d5 c5 10. Qc2 Nf8 11. a3 b6 12. Ne1 Ng6 13. Nd3 Nd7 14. b4 a6 15. Bg4 Nf6 16. Bxc8 Qxc8 17. bxc5 bxc5 18. Bd2 Qc7 19. Qa4 Qd7 20. Qc2 Qc7 21. Nc1 Reb8 22. Nb3 Bd8 23. Rfb1 Nd7 24. Ne2 Ne7 25. Bc3 Qc8 26. Nd2 Rxb1+ 27. Rxb1 Rb8 28. Rf1 Ng6 29. Qa4 Nb6 30. Qc2 Nd7 31. Kh2 Be7 32. Ng3 Nf6 33. Nf5 Qd7 34. f3 Bd8 35. Rb1 Rxb1 36. Qxb1 Qc7 37. Qb3 Ne7 38. Ng3 g6 39. Ngf1 Nd7 40. Qa4 Qb7 41. Nb3 Kf8 42. Bd2 Kg7 43. Ba5 Bxa5 44. Nxa5 Qc7 45. Nc6 Nxc6 46. Qxc6 Qxc6 47. dxc6 Nb6 48. Ne3 Kf8 49. Nd5 Nc8 50. Kg1 h6 51. Kf2 Ke8 52. Ke3 Kd8 53. Kd3 Na7 54. c7+ Kd7 55. h4 Nc6 56. h5 gxh5 57. Nf6+ Kxc7 58. Nxh5 Nd4 59. Nf6 Ne6 60. Kd2 Nd4 61. Ng8 h5 62. Nh6 f6 63. Ng8 f5 64. exf5 Nxf5 65. Ke2 Kc6 66. Nf6 h4 67. Ng4 Kd7 68. Kd3 Ke6 69. Kc3 Nd4 70. Kd3 Nf5 71. Kc3 Nd4 72. Kd3 Nf5 1/2-1/2